[Event "AUTO-MASTER-1363"]
[Site "http://www.queenalice.com/game.php?id=910243"]
[Date "2011.3.8"]
[Round "1"]
[White "mardav"]
[Black "m_2788"]
[Result "1-0"]
[WhiteElo "2189"]
[BlackElo "2167"]

1. e4 c5 2. Nf3 d6 3. Bc4 Nf6 4. d3 e6 5. Nc3 Be7 6. e5 dxe5 7. Nxe5 O-O 8. O-O
Nbd7 9. Bf4 a6 10. a4 Nb6 11. a5 Nxc4 12. dxc4 Nd7 13. Qf3 Nxe5 14. Bxe5 Qd2 15.
Ne4 Qh6 16. Rad1 f5 17. Nd6 Bf6 18. Rfe1 Bxe5 19. Rxe5 Qf6 20. Qe2 Rd8 21. Rxc5
Kf8 22. Rc7 Qxb2 23. Qh5 Kg8 24. Qf7+ Kh8 25. Qe7 1-0

[Event "AUTO-MASTER-1363"]
[Site "http://www.queenalice.com/game.php?id=910244"]
[Date "2011.3.8"]
[Round "1"]
[White "m_2788"]
[Black "mardav"]
[Result "0-1"]
[WhiteElo "2156"]
[BlackElo "2206"]

1. d4 d5 2. c4 dxc4 3. e4 e5 4. d5 Nf6 5. Nc3 b5 6. Bg5 a6 7. Nf3 Nbd7 8. Be2
Bd6 9. O-O h6 10. Be3 O-O 11. a4 b4 12. Nb1 Nxe4 13. Bxc4 Nef6 14. a5 Bb7 15. h3
e4 16. Ne1 Qe7 17. Qb3 Ne5 18. Nd2 Nxc4 19. Nxc4 Bxd5 20. Qc2 Rac8 21. Rc1 Qe6
22. Nxd6 cxd6 23. Qa4 Bc4 24. Qxb4 Nd5 25. Qd2 Nxe3 26. Qxe3 Bxf1 27. Kxf1 Rxc1
28. Qxc1 Rc8 0-1

[Event "AUTO-MASTER-1363"]
[Site "http://www.queenalice.com/game.php?id=910245"]
[Date "2011.3.8"]
[Round "1"]
[White "mardav"]
[Black "danbots5k"]
[Result "0-1"]
[WhiteElo "2190"]
[BlackElo "2230"]

1. e4 c6 2. Ne2 g6 3. d4 Bg7 4. Nf4 e5 5. dxe5 Bxe5 6. Be2 d5 7. exd5 Bxf4 8.
Bxf4 Qxd5 9. Qxd5 cxd5 10. Nc3 Be6 11. Nb5 Na6 12. Nd6+ Kd7 13. Bb5+ Kd8 14.
Nxb7+ Ke7 15. Bxa6 Kf6 16. O-O-O g5 17. Be3 Kg6 18. h4 gxh4 19. Bd3+ Kg7 20.
Rxh4 h5 21. Rdh1 Rb8 0-1

[Event "AUTO-MASTER-1363"]
[Site "http://www.queenalice.com/game.php?id=910246"]
[Date "2011.3.8"]
[Round "1"]
[White "danbots5k"]
[Black "mardav"]
[Result "1-0"]
[WhiteElo "2162"]
[BlackElo "2251"]

1. e4 e5 2. Nf3 Nc6 3. Bb5 Bd6 4. O-O Nf6 5. Re1 O-O 6. c3 a6 7. Ba4 b5 8. Bc2
Bb7 9. a4 Qe8 10. d3 b4 11. Bg5 Qe7 12. Nbd2 h6 13. Bh4 bxc3 14. bxc3 g5 15. Bg3
Nh5 16. Rb1 Rab8 17. Nxe5 Bxe5 18. Bxe5 Qxe5 19. Qxh5 Qxc3 20. Qxh6 Qxd2 21. Re3
Qc3 22. d4 Qxd4 23. Qxg5+ Qg7 24. Rg3 Qg6 25. e5 Ne7 26. Qxe7 Qxg3 27. hxg3 Be4
28. Bxe4 Rxb1+ 29. Bxb1 1-0

[Event "AUTO-MASTER-1363"]
[Site "http://www.queenalice.com/game.php?id=910247"]
[Date "2011.3.8"]
[Round "1"]
[White "mardav"]
[Black "d4c4Cc3"]
[Result "1-0"]
[WhiteElo "2200"]
[BlackElo "2016"]

1. e4 d6 2. d4 e5 3. dxe5 dxe5 4. Qxd8+ Kxd8 5. Bc4 f6 6. Ne2 Nc6 7. Be3 Na5 8.
Bd3 Be6 9. Nd2 Bd6 10. O-O Ne7 11. a3 Ke8 12. f4 exf4 13. Nxf4 Bf7 14. Rad1 Nac6
15. Nc4 Be5 16. Be2 b6 17. Nd5 Nxd5 18. exd5 Ne7 19. Nxe5 fxe5 20. d6 cxd6 21.
Bb5+ Kf8 22. Rxd6 1-0

[Event "AUTO-MASTER-1363"]
[Site "http://www.queenalice.com/game.php?id=910248"]
[Date "2011.3.8"]
[Round "1"]
[White "d4c4Cc3"]
[Black "mardav"]
[Result "0-1"]
[WhiteElo "2027"]
[BlackElo "2152"]

1. d4 Nf6 2. e3 g6 3. Nf3 Bg7 4. Be2 O-O 5. O-O d6 6. c4 c5 7. Nc3 Bf5 8. Nh4
Bc8 9. Rb1 e5 10. dxe5 dxe5 11. Nf3 Bf5 12. Ra1 Qe7 13. e4 Nxe4 14. Nd5 Qd7 15.
Be3 Nc6 16. Qc1 Nd4 17. Bxd4 cxd4 18. Nd2 Rac8 19. Qd1 Nd6 20. b3 d3 0-1

[Event "Let's Play Chess!"]
[Site "http://www.queenalice.com/game.php?id=910902"]
[Date "2011.3.11"]
[Round "-"]
[White "boparame"]
[Black "mardav"]
[Result "0-1"]
[WhiteElo "2378"]
[BlackElo "2216"]

1. e4 c6 2. d4 d5 3. Nc3 dxe4 4. Nxe4 Nd7 5. Nf3 Ngf6 6. Neg5 h6 7. Nh3 g5 8.
Nhg1 g4 9. Nh4 e5 10. Ne2 exd4 11. Nxd4 Ne4 12. g3 Bb4+ 13. c3 Nxc3 14. bxc3
Bxc3+ 15. Bd2 Bxd4 16. Qe2+ Ne5 17. Rd1 Be6 18. f4 gxf3 19. Nxf3 Bc4 0-1

[Event "AUTO-ELITE-750"]
[Site "http://www.queenalice.com/game.php?id=925877"]
[Date "2011.4.14"]
[Round "1"]
[White "mardav"]
[Black "Lorfman"]
[Result "0-1"]
[WhiteElo "2178"]
[BlackElo "2887"]

1. e4 c5 2. Nf3 d6 3. Bb5+ Nc6 4. d4 cxd4 5. Nxd4 Bd7 6. O-O Nf6 7. Nc3 g6 8.
Nxc6 bxc6 9. Bc4 Bg7 10. h3 O-O 11. Be3 Qc7 12. Qd3 Rab8 13. Bb3 c5 0-1

[Event "AUTO-ELITE-750"]
[Site "http://www.queenalice.com/game.php?id=925878"]
[Date "2011.4.14"]
[Round "1"]
[White "Lorfman"]
[Black "mardav"]
[Result "1-0"]
[WhiteElo "2886"]
[BlackElo "2179"]

1. e4 e5 2. Nf3 Nc6 3. Bc4 Bc5 4. c3 Nf6 5. d3 O-O 6. O-O d6 7. Nbd2 a6 8. b4
Ba7 9. a4 Bd7 10. Re1 Ng4 11. Re2 Ne7 12. d4 b5 13. Bb3 1-0

[Event "AUTO-ELITE-750"]
[Site "http://www.queenalice.com/game.php?id=925879"]
[Date "2011.4.14"]
[Round "1"]
[White "mardav"]
[Black "toninhojit"]
[Result "0-1"]
[WhiteElo "2213"]
[BlackElo "2327"]

1. Nf3 c5 2. e4 Nc6 3. Bb5 g6 4. Nc3 Bg7 5. O-O e5 6. d3 Nge7 7. a3 O-O 8. b4 d6
9. bxc5 dxc5 10. Bc4 Bg4 11. h3 Be6 12. Bxe6 fxe6 13. Na4 b6 14. c3 Qd6 15. Be3
Rad8 16. Nb2 Na5 17. Re1 Rd7 18. Qc2 Rfd8 19. Rad1 Nec6 20. Bg5 Ne7 21. Qd2 b5
22. c4 b4 23. axb4 cxb4 24. Qc2 Rc8 25. Ra1 Nec6 26. c5 Qf8 0-1

[Event "AUTO-ELITE-750"]
[Site "http://www.queenalice.com/game.php?id=925880"]
[Date "2011.4.14"]
[Round "1"]
[White "toninhojit"]
[Black "mardav"]
[Result "1-0"]
[WhiteElo "2336"]
[BlackElo "2204"]

1. d4 d5 2. c4 e6 3. Nc3 a6 4. cxd5 exd5 5. Nf3 Nc6 6. Bf4 Nf6 7. e3 Bd6 8. Bg3
Bxg3 9. hxg3 Bf5 10. Ne5 O-O 11. g4 Nxe5 12. gxf5 Nc6 13. g4 h6 14. g5 hxg5 15.
Qf3 Re8 16. O-O-O g4 17. Qg3 b5 18. Be2 Qd7 19. Bxg4 Kf8 20. Rdg1 Ke7 21. Qf4
Qd6 22. Qg5 Rg8 23. Bh5 Raf8 24. Rh4 Kd8 25. Bf3 1-0

[Event "AUTO-ELITE-755"]
[Site "http://www.queenalice.com/game.php?id=931541"]
[Date "2011.4.28"]
[Round "1"]
[White "mardav"]
[Black "ppeteleco"]
[Result "0-1"]
[WhiteElo "2196"]
[BlackElo "2491"]

1. e4 e5 2. d4 exd4 3. Nf3 Nc6 4. Nxd4 Bc5 5. Be3 Qf6 6. c3 Nge7 7. Qf3 Nxd4 8.
Qxf6 Nc2+ 9. Kd2 gxf6 10. Kxc2 Bxe3 0-1